000 00306nam a2200133Ia 4500
008 220204s9999 xx 000 0 und d
082 _a054
_bLAM
100 _aLambert, John
245 0 _aPractical chemistry
250 _aEd.3
260 _aLondon
_bHeinemann
_c1973
700 _aMuir, T A
942 _cBK
999 _c23641
_d23641